• 首页
  • 本馆介绍
  • 公告通知
  • 最新文献
  • 馆藏检索
  • 电子资源
  • 读者导购
  • 参考咨询
  • 我的图书馆
  • 登录
  • 详细信息显示
  • 放入我的书架
  • 预约/预借图书
  • 作者相关作品
  • 分类相关作品
  • 丛书相关作品
  • 出版社相关作品

书目信息

  • 表格格式
  • 工作单格式
  • 卡片格式
题名:
如果医生免疫力低下
    
 
作者: 王勇 , 王迁 主编
分册:  
出版信息: 南京   江苏凤凰科学技术出版社  2015
页数: 252页
开本: 24cm
丛书名:
单 册:
中图分类: R392
科图分类:
主题词: 免疫学--基本知识
电子资源:
ISBN: 978-7-5537-4197-0
000 00882nam0 2200241 450
001 2360
005 20161205103852.07
010    @a978-7-5537-4197-0@dCNY32.00
100    @a20150601d2015 em y0chiy0120 ea
101 0  @achi
102    @aCN@b320000
105    @ay z 000yy
200 1  @a如果医生免疫力低下@f王勇,王迁主编@Aru guo yi sheng mian yi li di xia
210    @a南京@c江苏凤凰科学技术出版社@d2015
215    @a252页@d24cm
330    @a本书介绍了免疫力如何决定人体健康,提醒人们关注免疫力下降的身体信号,让人们通过打疫苗和给器官排毒等给免疫系统积极正面的影响,引导人们从饮食、睡眠、运动和心理四方面入手,掌握生活中有效提升免疫力的窍门。
333    @a大众读者。
606 0  @a免疫学@x基本知识
690    @aR392@v5
701  0 @a王勇@4主编@Awang yong
701  0 @a王迁@4主编@Awang qian
801  0 @aCN@b大连网信软件有限公司图书馆·11@c20161205
905    @aZUCC@dR392@e359
    
    如果医生免疫力低下/王勇,王迁主编.-南京:江苏凤凰科学技术出版社,2015
    252页;24cm
    使用对象:大众读者。
    
    ISBN 978-7-5537-4197-0:CNY32.00
    本书介绍了免疫力如何决定人体健康,提醒人们关注免疫力下降的身体信号,让人们通过打疫苗和给器官排毒等给免疫系统积极正面的影响,引导人们从饮食、睡眠、运动和心理四方面入手,掌握生活中有效提升免疫力的窍门。
●
相关链接 在E读中查询图书 在五车中查询图书 在当当中查询图书 在豆瓣中查询图书


正题名:如果医生免疫力低下     索取号:R392/359         预约/预借

序号 登录号 条形码 馆藏地/架位号 状态 备注
1 910621   209106215   第二样本阅览室/ [索取号:R392/359] 在馆    
2 910622   209106224   第三借阅区/ [索取号:R392/359] 已借出,限还日期为2026.07.17
借出人:王雪廷  
 
3 910623   209106233   第三借阅区/ [索取号:R392/359] 在馆    
4 910624   209106242   第三借阅区/ [索取号:R392/359] 在馆    
5 910625   209106251   第三借阅区/ [索取号:R392/359] 在馆    
唐山师范学院图书馆 欢迎您!
大连网信软件有限公司© 版权所有